000 00886nam a2200265Ia 4500
999 _c55480
_d55480
001 22562
003 GE_BSU
005 20230329153907.0
008 181216s ||||fr |||||||||||||| ||fre||
020 _a9782090380767
040 _cGE_BSU
041 _afre
080 _a821.133.1 B-67
100 _aBlondeau, Nicole
_912728
245 _aLitterature Progressive du Francais :
_bNiveau Avance : avec 600 activites /
_cBlondeau Nicole, Ferroudja Allouache ; Edition Bernard Delcord.
264 _aParis :
_bCLE INTERNATIONAL,
_c2005.
300 _a160 p. :
_bill. ;
_c29 cm.
541 _h111gel.
653 _aLitterature Progressive du Francais
653 _aNiveau Avance avec 600 activites
653 _aფრანგული ლიტერატურა
700 _aFerroudja, Allouache
_eby
_917338
700 _aDelcord, Bernard
_eEdition
_912731
942 _cBK
_2udc